Catalog

Record Details

Catalog Search



Výbušné dítě : jak vychovávat dítě, které se snadno naštve  Cover Image Book Book

Výbušné dítě : jak vychovávat dítě, které se snadno naštve / Ross W. Greene ; z anglického originálu The explosive child přeložila Petra Diestlerová

Record details

  • ISBN: 978-80-262-2184-5
  • Physical Description: 222 stran ; 20 cm
  • Edition: Vydání první
  • Publisher: Praha : Portál, 2024
Subject: výchova dítěte
problémové děti
hněv
řešení problémů
Genre: populárně-naučné publikace

Available copies

  • 1 of 1 copy available at Common Catalog SPOK.

Holds

  • 0 current holds with 1 total copy.
Show Only Available Copies
Location Call Number / Copy Notes Barcode Shelving Location Status Due Date
Jabok Library Ped-7.2.2//G 424480046677 Odborná literatura Available -

LDR 01686nam a2200481 i 4500
00158133
003CZ-PrJAB
00520241113063729.0
007ta
008241108s2024 xr e 000 0 cze d
020 . ‡a978-80-262-2184-5 ‡q(brožováno) : ‡cKč 369.00
035 . ‡a(CZ PrSKC)1639107
040 . ‡aKLG001 ‡bcze ‡erda
0411 . ‡acze ‡heng
072 7. ‡a37 ‡xVýchova a vzdělávání ‡2Konspekt ‡922
080 . ‡a37.015.311-053.2 ‡2MRF
080 . ‡a316.346.32-053.2-056.49 ‡2MRF
080 . ‡a159.942.5 ‡2MRF
080 . ‡a27-423.58 ‡2MRF
080 . ‡a159.955 ‡2MRF
080 . ‡a(0.062) ‡2MRF
1001 . ‡aGreene, Ross W., ‡d1957- ‡7pna20181006424 ‡4aut
24010. ‡aExplosive child. ‡lČesky
24510. ‡aVýbušné dítě : ‡bjak vychovávat dítě, které se snadno naštve / ‡cRoss W. Greene ; z anglického originálu The explosive child přeložila Petra Diestlerová
250 . ‡aVydání první
264 1. ‡aPraha : ‡bPortál, ‡c2024
300 . ‡a222 stran ; ‡c20 cm
336 . ‡atext ‡btxt ‡2rdacontent
337 . ‡abez média ‡bn ‡2rdamedia
338 . ‡asvazek ‡bnc ‡2rdacarrier
65007. ‡avýchova dítěte ‡7ph127420 ‡2czenas
65007. ‡aproblémové děti ‡7ph115884 ‡2czenas
65007. ‡ahněv ‡7ph232950 ‡2czenas
65007. ‡ařešení problémů ‡7ph137287 ‡2czenas
655 7. ‡apopulárně-naučné publikace ‡7fd131864 ‡2czenas
7001 . ‡aDiestlerová, Petra, ‡d1972- ‡7jn20001103809 ‡4trl
910 . ‡aABG312
995 . ‡aska
901 . ‡a58133 ‡bAUTOGEN ‡c58133 ‡tbiblio

Additional Resources